Normal view
MARC view
Entry Topical Term
001 - CONTROL NUMBER
- control field: 9622
003 - CONTROL NUMBER IDENTIFIER
- control field: ARRUPE
005 - DATE AND TIME OF LATEST TRANSACTION
- control field: 20140328121059.0
008 - FIXED-LENGTH DATA ELEMENTS
- fixed length control field: 140328|| aca||aabn | a|a d
040 ## - CATALOGING SOURCE
- Original cataloging agency: ARRUPE
- Transcribing agency: ARRUPE
150 ## - HEADING--TOPICAL TERM
- Topical term or geographic name as entry element: Lent-Prayerbooks and devotions-English
- General subdivision: Catholic Church
- General subdivision: Bible
- General subdivision: Meditations
670 ## - SOURCE DATA FOUND
- Source citation: Work cat.: (ARRUPE): Ryan, Patrick J. 9621, When i survey the wondrous Cross, 2005